ISO 18936: 2012, Imaging materials. Processed colour photographs. Methods for measuring thermal stability

Bibliographic Details
Format: Book
Language:English
PhysicalDescription:17 s. 30 cm
Published: Geneva ISO 2012
Subjects:

MARC

LEADER 00000nam a2200000 a 4500
001 vtls010455497
003 SK-MaSNL
005 20260301132839.0
008 130117s2012 sz f u 000 0 eng
015 |a SNBN2013 
040 |a SNK  |b slo  |c SNK  |e AACR2 
041 0 |a eng 
044 |a sz  |c CH 
046 |a s  |m 2012 (účin.) 
072 7 |a 77  |x Fotografia. Fotografické postupy  |2 konspekt 
080 |a 77.018.47  |2 2002 
080 |a 006.7/.8  |2 2002 
084 |a 37.040.20  |2 ICS 
245 0 0 |a ISO 18936: 2012, Imaging materials. Processed colour photographs. Methods for measuring thermal stability 
246 1 0 |a Imaging materials 
246 1 0 |a Processed colour photographs. Methods for measuring thermal stability 
260 |a Geneva  |b ISO  |c 2012 
300 |a 17 s.  |c 30 cm 
540 |a Normy sa podľa zákona č. 264/1999 Z. z. nesmú kopírovať 
650 0 7 |a farebná fotografia  |2 SNKPH  |9 3752 
650 0 7 |a tepelná stabilita  |2 SNKPH  |9 484277 
650 0 7 |a meranie  |2 SNKPH  |9 884 
651 7 |a krajiny Európskej únie  |2 SNKPHgeo  |9 31482 
655 7 |a technické normy a štandardy  |2 SNKPH  |9 429020 
999 |c 752134  |d 754064 
952 |a SNK  |b SNK  |y PREZ  |7 0  |p 17A0809699  |o snkISO 18936  |i snk2012/16497  |8 3  |g 84.26  |0 0  |1 0  |4 0  |d 2012-10-03  |l 0  |r 2026-02-23 23:36:28  |w 2026-02-23